Sports Quiz

Random Sports or Baseball Quiz

One of Two: MLB Edition Quiz Stats

 Plays Quiz Updated May 20, 2015

Challenge
Share
Tweet
Embed
Score 0/30 Timer 06:00
1 Play Today
Can you name... Answers % Correct
One of the two teams with more than 10 World Series wins?New York Yankees and St. Louis Cardinals
99.2%
One of the two MLB teams in Ohio?Cincinnati Reds and Cleveland Indians
94.9%
One of the two pitchers with four or more no hitters?Nolan Ryan and Sandy Koufax
91.8%
One of the two players with 50 or more HRs in a season before 1931?Babe Ruth and Hack Wilson
90.3%
One of the two players with a hitting streak of 40 or more games since the Great Depression?Joe DiMaggio and Pete Rose
87.5%
One of the two team names that does not end in 's'?Boston Red Sox and Chicago White Sox
86.7%
One of the two American League teams named after birds?Baltimore Orioles and Toronto Blue Jays
86.1%
One of the two players who played in a season after WWII and have a career avg. higher than .338?Ted Williams and Tony Gwynn
85.4%
One of the two players to play in more than 2,000 consecutive games?Cal Ripken Jr. and Lou Gehrig
84.8%
One of the two right-handed hitters with 660+ home runs before the steroid era?Hank Aaron and Willie Mays
81.6%
One of the two National League teams playing in a stadium built before 1990?Chicago Cubs and Los Angeles Dodgers
81.6%
One of the two teams to join baseball in the 1993 season?Colorado Rockies and the Florida Marlins
81.1%
One of the two pitchers with 600 career saves?Mariano Rivera and Trevor Hoffman
81%
One of the two AL West teams east of the Rocky Mountains?Houston Astros and Texas Rangers
81%
One of the two players with more than 110 SB in a single season since 1900?Rickey Henderson and Lou Brock
79.9%
Can you name... Answers % Correct
One of the two Commissioners to serve more than 20 years?Kenesaw Mountain Landis and Bud Selig
78.6%
One of the two teams who have never been to a World Series?Seattle Mariners and Washington Nationals
77%
One of the two players to pick up more than 240 hits in a season twice?George Sisler and Ichiro Suzuki
73.4%
One of the two cities where the Athletics used to play?Philadelphia and Kansas City
72.1%
One of the two pitchers to win 16 or more Gold Glove awards?Greg Maddux and Jim Kaat
68.7%
One of the two National League players to go 40-40?Barry Bonds and Alfonso Soriano
68.6%
One of the two pitchers to win the NL pitching triple crown three times?Grover Cleveland Alexander and Sandy Koufax
67%
One of the two managers to win a World Series with two different teams since WWII?Sparky Anderson and Tony LaRussa
66.6%
One of the two pitchers to throw a no-hitter in the postseason?Don Larsen and Roy Halladay
63%
One of the two American League players to homer in 8 consecutive games?Don Mattingly and Ken Griffey Jr.
47.8%
One of the two managers with seven World Series wins?Casey Stengel and Joe McCarthy
42.7%
One of the two players with a hitting streak of more than 35 games since 1980?Paul Molitor and Jimmy Rollins
40.6%
One of the two players to drive in 12 runs in a single game?Jim Bottomley and Mark Whiten
18%
One of the two pitchers to throw a no-hitter in his second Major League start?Clay Buchholz and Wilson Alvarez
13.7%
One of the two players to hit home runs from both sides of the plate in the same inning before 2010?Carlos Baerga and Mark Bellhorn
7.7%

You're not logged in!

Compare scores with friends on all Sporcle quizzes.
Join for Free
OR
Log In

You Might Also Like...

Show Comments

Extras

Top Quizzes Today


Score Distribution

Your Account Isn't Verified!

In order to create a playlist on Sporcle, you need to verify the email address you used during registration. Go to your Sporcle Settings to finish the process.

Report this User

Report this user for behavior that violates our Community Guidelines.

Details: